Micro-PROLOG : programming in logic /

Guardado en:
Autor Principal: Clark, K. L.
Otros Autores: McCabe, F. G. 1953-
Formato: Libro
Idioma:English
Publicado: Englewood Cliffs, N.J. : Prentice/Hall International, c1984.
Materias:
Etiquetas: Agregar Etiqueta
Sin Etiquetas, Sea el primero en etiquetar este registro!
LEADER 00778cam a2200205 a 4500
001 MAT.inmabb004906
008 830725s1984####nju######b####001#0#eng##
005 20160606165922.0
245 1 0 |a Micro-PROLOG :  |b programming in logic /  |c K. L. Clark and F. G. McCabe ; with contributions by M. H. van Emden ... [et al.]. 
260 |a Englewood Cliffs, N.J. :  |b Prentice/Hall International,  |c c1984. 
300 |a xi, 401 p. ;  |c 23 cm. 
504 |a Incluye referencias bibliográficas e índice. 
020 |a 013581264X (pbk.) 
100 1 |a Clark, K. L.  |q (Keith L.) 
700 1 |a McCabe, F. G.  |q (Frank G.),  |d 1953- 
650 0 |a micro-PROLOG (Computer program language) 
084 |a 68N15  |2 msc2000 
010 |a  83016066  
040 |a DLC  |c DLC  |d DLC 
859 |h 68  |i C592m  |p A-6177  |b BIB. MATEMATICA